000
00266nam a2200097Ia 4500
008
240331s9999 xx 000 0 und d
082
_a
301.01
_b
ASH
100
_a
Ashley,D
245
0
_a
Sociological theory :
_b
classical statements responses and reformulations
942
_c
L
999
_c
1052
_d
1052